| 000 | 01193nam a2200229Ii 4500 | ||
|---|---|---|---|
| 003 | JO-AjNU | ||
| 005 | 20240623125720.0 | ||
| 008 | 230605s9999||||xx |||||||||||||| ||und|| | ||
| 040 |
_aJO-AjNU _bara _erda _cJO-AjNU |
||
| 041 | _aara | ||
| 100 |
_aعبابنة، بلال محمد _964803 _eمعد |
||
| 245 | _aالعوامل المؤثرة على الافصاح الاختياري في التقارير المالية السنوية للشركات المساهمة العامة الأردنية المتعاملة طبقا للشريعة الإسلامية = Factors Influencing Voluntary Disclosure in the Annual Report of Jordanian Corporation Dealing According to Islamic Shariah / اعداد بلال محمد عبابنة؛ اشراف تركي راجي الحمود | ||
| 260 | _c2013 | ||
| 300 | _a81 ورقه | ||
| 336 |
_atext _btxt _2rdacontent |
||
| 337 |
_aunmediated _bn _2rdamedia |
||
| 338 |
_avolume _bnc _2rdacarrier |
||
| 500 | _aرساله جامعية (ماجستير) - جامعة اليرموك، 2013 | ||
| 650 | _vحوكمة الشركات-ادارة الشركات-الأردن | ||
| 700 |
_aتركي راجي الحمود _964758 _eمشرف |
||
| 942 |
_2lcc _cTHS |
||
| 999 |
_c32961 _d32961 |
||